000
00314nam a2200133Ia 4500
100
_a
Rao/P.N./ Tewari/ N.K.
942
_c
BK
654
_a
Computers
245
_a
Computers Aided Manufacturing
260
_b
Tata Mc Graw hill
_a
New Delhi
_c
1993
082
_a
670.02854
_b
RAO/T
300
_a
417
546
_a
ENGLISH
999
_c
34274
_d
34274